Culture Générale - Série 1833 - Statistiques

Statistiques générales
  • Ce quiz a été pris 110 fois
  • Le résultat moyen est 2 sur 10
Statistiques - réponses
Question Réponse % Correct
Dans quel pays se trouve la ville de Donetsk ? Ukraine
80%
Comment appelle-t-on un message déposé sur un site internet ou sur les réseaux sociaux ? post
55%
Comment appelle-t-on l'instrument de chirurgie destiné à percer les os et principalement ceux de la boîte crânienne ? trépan
47%
Sous quel pseudonyme connaissait-on mieux le philosophe Émile-Auguste Chartier (1868-1951) ? Alain
14%
Le mot "ibéris" désigne la " corbeille d'.... argent
11%
On appelle aussi le billard français : " billard .... (nom donné aussi à un fruit exotique) carambole
7%
Quel mot anglais désigne un yacht à moteur destiné à la course ? racer
7%
Dans l'antiquité égyptienne, comment appelait-on le cobra femelle qui avait pour fonction de protéger le pharaon contre ses ennemis ? uraeus
4%
Quelle rivière arrose l'ancienne commune de Malesherbes (45) ? Essonne
3%
La "nase" est un poisson d'eau douce mieux connu sous le nom de .... hotu
2%
Aucun quiz correspondant
Distribution des résultats
% des personnes avec chaque résultat
Percentile par nombre de réponses
Votre historique - résultats
Vous n’avez pas pris ce quiz